| 000 | 00878nac a22002051u 4500 | ||
|---|---|---|---|
| 010 | _a 2004007038 | ||
| 020 | _a0321210263 | ||
| 082 | 0 | 0 |
_a005.1 _bS6977 |
| 090 |
_c416 _d416 |
||
| 100 | _aSommerville, Ian. | ||
| 245 | 1 | 0 |
_aSoftware engineering / _cIan Sommerville. |
| 250 | _a7th ed. | ||
| 260 |
_aHarlow, England : _bNew York : Pearson/Addison-Wesley, _c2004. |
||
| 300 | _ap. cm. | ||
| 650 | 0 | _aSoftware engineering. | |
| 856 | 4 | 1 |
_3Table of contents _uhttp://www.loc.gov/catdir/toc/ecip0416/2004007038.html |
| 942 |
_cBB _k005.1S6977 |
||
| 999 |
_c416 _d416 |
||